| 000 | 01721nam a2200373 a 4500 | ||
|---|---|---|---|
| 001 | ebr10041110 | ||
| 003 | CaPaEBR | ||
| 006 | m u | ||
| 007 | cr cn||||||||| | ||
| 008 | 960213s1996 dcuab sb 001 0 eng | ||
| 010 | _z 96011026 | ||
| 020 | _z0309050952 (alk. paper) | ||
| 040 |
_aCaPaEBR _cCaPaEBR |
||
| 035 | _a(OCoLC)42854241 | ||
| 050 | 1 | 4 |
_aHG4910 _b.F68 1996eb |
| 082 | 0 | 4 |
_a332.6/73/0973 _220 |
| 245 | 0 | 0 |
_aForeign participation in U.S. research and development _h[electronic resource] : _basset or liability? / _cProctor P. Reid and Alan Schriesheim, editors ; Committee on Foreign Participation in U.S. Research and Development, National Academy of Engineering. |
| 246 | 3 | _aForeign participation in US research and development | |
| 246 | 3 | _aForeign participation in United States research and development | |
| 260 |
_aWashington, D.C. : _bNational Academy Press, _c1996. |
||
| 300 |
_aviii, 194 p. : _bill., map. |
||
| 490 | 1 | _aSeries on prospering in a global economy | |
| 504 | _aIncludes bibliographical references (p. 159-171) and index. | ||
| 530 | _aAlso available online. | ||
| 533 |
_aElectronic reproduction. _bPalo Alto, Calif. : _cebrary, _d2013. _nAvailable via World Wide Web. _nAccess may be limited to ebrary affiliated libraries. |
||
| 650 | 0 |
_aInvestments, Foreign _zUnited States. |
|
| 650 | 0 |
_aResearch, Industrial _zUnited States. |
|
| 655 | 7 |
_aElectronic books. _2local |
|
| 700 | 1 | _aReid, Proctor P. | |
| 700 | 1 | _aSchriesheim, Alan. | |
| 710 | 2 | _aebrary, Inc. | |
| 830 | 0 | _aSeries on prospering in a global economy. | |
| 856 | 4 | 0 |
_uhttp://site.ebrary.com/lib/rucke/Doc?id=10041110 _zAn electronic book accessible through the World Wide Web; click to view |
| 999 |
_c158563 _d158563 |
||